000 00468nam a2200157 4500
001 143460
003 ES-MaACL
005 20230906200824.0
007 t|
008 070214n19401949sp r ||||1| cat d
100 1 _aSerrat, J.
_9105813
245 1 0 _aLlibre de la sardana
_b: [verdader origen de la dança] /
_cJ. Serrat.
260 _aBarcelona :
_bJ. Soler Lluch,
_c[194_?] (
_fCabanas)
300 _a64 p., 4 h. ;
_c15 cm.
852 _aES-MaACL
_j1919-F-6
_bR.30487
999 _c143460
_d143460